000 00678nam a22002055i 4500
001 171533
003 ES-MaACL
005 20251012191942.0
008 090519s1968 sp |||| | spa d
080 _a248.159.24
100 1 _aSolano, Jesús.
_9107079
245 1 0 _aHemos creido en el amor
_b: cursillo pastoral en el año de la fe /
_cPP. Solano, Caballero y Bidagor.
260 _aMadrid :
_b[Cor. Jesús],
_c1968.
300 _a152 p. ;
_c17 cm.
650 1 4 _aSagrado Corazón de Jesús-
_xCulto.
_9140224
700 1 _aCaballero, José,
_d1899-1983
_9138728
700 0 _aBidagor, José R.
_928785
852 _aES-MaACL
_jC-36109
_9R.66955
999 _c171533
_d171533